<?xml version="1.0" encoding="UTF-8"?>
<record
    xmlns:xsi="http://www.w3.org/2001/XMLSchema-instance"
    xsi:schemaLocation="http://www.loc.gov/MARC21/slim http://www.loc.gov/standards/marcxml/schema/MARC21slim.xsd"
    xmlns="http://www.loc.gov/MARC21/slim">

  <leader>01815nam a22002417a 4500</leader>
  <datafield tag="999" ind1=" " ind2=" ">
    <subfield code="c">259605</subfield>
    <subfield code="d">259604</subfield>
  </datafield>
  <controlfield tag="003">OSt</controlfield>
  <controlfield tag="005">20221118105049.0</controlfield>
  <controlfield tag="008">221118b        xxu||||| |||| 00| 0 eng d</controlfield>
  <datafield tag="010" ind1=" " ind2=" ">
    <subfield code="a">2014006236</subfield>
  </datafield>
  <datafield tag="020" ind1=" " ind2=" ">
    <subfield code="a"> 9781401690342 (hardcover)</subfield>
  </datafield>
  <datafield tag="020" ind1=" " ind2=" ">
    <subfield code="a">9781401690359 (TP)</subfield>
  </datafield>
  <datafield tag="040" ind1=" " ind2=" ">
    <subfield code="a">DLC </subfield>
    <subfield code="b">eng</subfield>
    <subfield code="c">DLC </subfield>
    <subfield code="d">DLC</subfield>
    <subfield code="e">rda</subfield>
  </datafield>
  <datafield tag="050" ind1=" " ind2=" ">
    <subfield code="a">PS3623.E3946</subfield>
    <subfield code="b"> S76 2014</subfield>
  </datafield>
  <datafield tag="100" ind1=" " ind2=" ">
    <subfield code="a">Weber, Mary (Mary Christine)</subfield>
  </datafield>
  <datafield tag="245" ind1=" " ind2=" ">
    <subfield code="a">Storm siren / </subfield>
    <subfield code="c">Mary Weber.</subfield>
  </datafield>
  <datafield tag="260" ind1=" " ind2=" ">
    <subfield code="a">Nashville : </subfield>
    <subfield code="b">Thomas Nelson,</subfield>
    <subfield code="c"> [2014]</subfield>
  </datafield>
  <datafield tag="300" ind1=" " ind2=" ">
    <subfield code="a">341 pages ;</subfield>
    <subfield code="c"> 22 cm.</subfield>
  </datafield>
  <datafield tag="490" ind1=" " ind2=" ">
    <subfield code="a">Storm siren trilogy ;</subfield>
    <subfield code="v">book 1</subfield>
  </datafield>
  <datafield tag="520" ind1=" " ind2=" ">
    <subfield code="a"> "My hair slips down my back and shoulders and around my face like fresh snow falling on the forest floor. Pure white. I raise my chin as the buyers stare. Yes. Look. You don't want me. Because, eventually, accidentally, I will destroy you. It's what I do; Seventeen-year-old slave girl, Nym, should not exist. In a world where Elementals are only born male, and always killed at birth, she is an anomaly at best. At worst, people around her die. When a court emissary identifies her weather-manipulating ability as a weapon, Nym is purchased and put to work honing her skills. With time running out for the kingdom of Faelen, Nym might be all that stands between it and the technologically-advanced horror racing down upon them -- not to mention the rumored reemergence of the monstrous shapeshifter, Draewulf. But some elements even she can't control. Nym must decide whom to trust as she's unleashed into a world of assassins and political betrayal surrounding a young king fighting for his throne, a tired nation that has forgotten its calling, and her handsome tutor whose dark secrets could destroy both her people and her heart"--</subfield>
  </datafield>
  <datafield tag="655" ind1=" " ind2=" ">
    <subfield code="a"> Fantasy fiction.</subfield>
  </datafield>
  <datafield tag="655" ind1=" " ind2=" ">
    <subfield code="a">Adventure fiction.</subfield>
  </datafield>
  <datafield tag="942" ind1=" " ind2=" ">
    <subfield code="2">lcc</subfield>
    <subfield code="c">BK</subfield>
  </datafield>
  <datafield tag="952" ind1=" " ind2=" ">
    <subfield code="0">0</subfield>
    <subfield code="1">0</subfield>
    <subfield code="2">lcc</subfield>
    <subfield code="4">0</subfield>
    <subfield code="7">0</subfield>
    <subfield code="8">FIC</subfield>
    <subfield code="a">40404</subfield>
    <subfield code="b">40404</subfield>
    <subfield code="c">GEN</subfield>
    <subfield code="d">2022-11-18</subfield>
    <subfield code="l">8</subfield>
    <subfield code="o">PS3623.E3946  S76 2014</subfield>
    <subfield code="p">202200459</subfield>
    <subfield code="r">2025-01-14 00:00:00</subfield>
    <subfield code="s">2024-12-02</subfield>
    <subfield code="w">2022-11-18</subfield>
    <subfield code="y">BK</subfield>
  </datafield>
</record>
